00592nam a2200205 i 4500001001100000003000500011005001700016008004100033020001800074040002500092082002000117100003200137245002600169264005500195300003200250336002100282337002500303338002300328650003500351C2-0317128PPAK20180728113327.0120826s2011 my |||| ||||| | may d a9789675783760 aPPAKbengcPPAKerda04a956.10240922230 aAbdul Latip Talib, eauthor10aMustafa Kamal Ataturk 1aBatu Caves, Selangor : bPTS Litera Utama , c2011 axxviii, 403 pages ; c22 cm 2rdacontentatext 2rdamediaaunmediated 2rdacarrieravolume10aPresident - Turkey - Biography